000 00554nam a22001937a 4500
999 _c8464
_d8464
003 AR-CdUCM
008 190325b ||||| |||| 00| 0 spa d
040 _aMUNICIPALIDAD PROVINCIAL DEL CUSCO
_cBIBLIOTECA MUNICIPAL DEL CUSCO
082 _a869.56 /
_bL26
100 _aLarrea Blanes, Federico
_923208
245 _aPoemas del hombre común /
260 _aLima :
_c1957.
300 _a73 páginas ;
_c23 cm.
500 _aDonacón familia Nieto.
650 _aPoesías peruanas
_91481
650 _aSiglo XX
_98
942 _2ddc
_cLIBROS
945 _azta